Alternative Futures for Changing Landscapes the upeer san pedro river basin in arizona and sonora (Record no. 5379)

000 -LEADER
fixed length control field 00342nam a2200109Ia 4500
008 - FIXED-LENGTH DATA ELEMENTS--GENERAL INFORMATION
fixed length control field 200302s9999 xx 000 0 und d
100 ## - MAIN ENTRY--PERSONAL NAME
Personal name Carl Steinitz & Other
245 ## - TITLE STATEMENT
Title Alternative Futures for Changing Landscapes the upeer san pedro river basin in arizona and sonora
260 ## - PUBLICATION, DISTRIBUTION, ETC.
Name of publisher, distributor, etc. Island Press Publisher
260 ## - PUBLICATION, DISTRIBUTION, ETC.
Date of publication, distribution, etc. 2003
300 ## - PHYSICAL DESCRIPTION
Extent 202P.,
Holdings
Withdrawn status Lost status Damaged status Not for loan Permanent Location Current Location Date acquired Cost, normal purchase price Full call number Barcode Date last seen Price effective from Koha item type Source of classification or shelving scheme
        BMS College of Architecture, Design and Planning BMS College of Architecture, Design and Planning 2020-03-03 3894.00 307.120972 CL-PG24069 2020-03-03 2020-03-03 PG Books from CL  
        BMS College of Architecture, Design and Planning BMS College of Architecture, Design and Planning 2020-05-26   307.120972STE AR-PG257 2020-05-26 2020-05-26 PG Books  
Copyright © 2025, The Librarian, Library and Information Centre, BMSCA D&P, Bengaluru. All Rights Reserved
web counter

Powered by Koha